Grenouille - Culture Générale - Statistiques

Statistiques générales
  • Ce quiz a été pris 2 724 fois
  • Le résultat moyen est 12 sur 20
Statistiques - réponses
Question Réponse % Correct
Nom donné aux larves aquatiques, naissant des œufs pondus par la grenouille Têtard
96%
Partie du corps de la grenouille utilisée comme ingrédient en cuisine et dont la France est le plus grand consommateur en Europe Cuisse
91%
Plante aquatique avec laquelle la grenouille est très souvent représentée et associée Nénuphar
91%
Classe de vertébrés, qui réunit, entre autres, les grenouilles, crapauds et salamandres Amphibien
79%
Dans la fable de Jean de la Fontaine, la grenouille veut se faire aussi grosse que le ... Bœuf
78%
"Homme-grenouille" est un synonyme pour désigner ce métier prenant place sous l'eau Plongeur
78%
Pays qui compte le plus d'espèces de grenouilles Brésil
74%
Contrairement à l'homme, la grenouille est incapable de le bouger, leurs yeux faisant tout le travail Leur cou
73%
Célèbre grenouille bleue qui accompagne différents morceaux de musique, dont Axel F, chanson qui cumule à plus de 3 milliards de vues sur YouTube Crazy Frog
58%
Personnage de l'univers d'Harry Potter qui possède un crapaud du nom de Trevor Neville Londubat
57%
Nom donné au "cri" de la grenouille Coassement
54%
Grenouille fictive, présentateur vedette du Muppet Show, célèbre série télévisée américaine Kermit la grenouille
54%
La grenouille dorée, est à la fois une espèce endémique et l'animal national de ce pays d'Amérique centrale Panama
51%
La grenouille est souvent très présente dans cet étrange phénomène météorologique extraordinaire qui a suscité mystères et controverses à travers l'Histoire {Pluie} d'animaux
50%
Les indigènes d'Amérique du Sud extraient le _______ de certaines grenouilles pour en recouvrir leurs armes pour la chasse Poison
50%
Probablement la famille de grenouille la plus connue, qui a l'habitude d'être observée sur les branches des arbres Rainette
48%
Princesse Disney transformée en grenouille Tiana
48%
Dans Le Paradis perdu de John Milton, cet être diabolique est représenté sous la forme d'un crapaud qui verse du poison dans l'oreille d'Eve Satan
21%
Jeux vidéo d'arcade, d'origine japonaise, où il faut diriger des grenouilles jusqu'à leurs maisons en traversant une route puis une rivière Frogger
5%
Biologiste, physicien et médecin italien qui a découvert le lien entre l'électricité et le système nerveux via ses études sur des grenouilles Luigi Galvani
3%
Aucun quiz correspondant
Distribution des résultats
% des personnes avec chaque résultat
Percentile par nombre de réponses
Votre historique - résultats
Vous n’avez pas pris ce quiz